सेक्यूलरवाद (Record no. 1259220)

MARC details
000 -LEADER
fixed length control field 00670nam a2200193Ia 4500
008 - FIXED-LENGTH DATA ELEMENTS--GENERAL INFORMATION
fixed length control field 151121s9999||||xx |||||||||||||| ||und||
082 ## - DEWEY DECIMAL CLASSIFICATION NUMBER
Classification number 836/ वाजपे
082 ## - DEWEY DECIMAL CLASSIFICATION NUMBER
Item number HNW-77813
100 ## - MAIN ENTRY--PERSONAL NAME
Personal name वाजपेयी अटलबिहारी
245 ## - TITLE STATEMENT
Title सेक्यूलरवाद
260 ## - PUBLICATION, DISTRIBUTION, ETC. (IMPRINT)
Name of publisher, distributor, etc "दिनदयाल उपाध्याय, दिल्ली।"
260 ## - PUBLICATION, DISTRIBUTION, ETC. (IMPRINT)
Date of publication, distribution, etc --
300 ## - PHYSICAL DESCRIPTION
Extent 33
600 ## - SUBJECT ADDED ENTRY--PERSONAL NAME
Personal name वाजपेयी अटलबिहारी
630 ## - SUBJECT ADDED ENTRY--UNIFORM TITLE
Uniform title सेक्यूलरवाद
700 ## - ADDED ENTRY--PERSONAL NAME
Personal name वाजपेयी अटलबिहारी
730 ## - ADDED ENTRY--UNIFORM TITLE
Uniform title सेक्यूलरवाद
942 ## - ADDED ENTRY ELEMENTS (KOHA)
Koha item type Book
Holdings
Withdrawn status Lost status Damaged status Not for loan Home library Current library Date acquired Cost, normal purchase price Total Checkouts Full call number Barcode Date last seen Cost, replacement price Price effective from Koha item type
        Hirachand Nemchand Wachanalaya, Solapur Hirachand Nemchand Wachanalaya, Solapur 11/21/2015 20.00   HNW-77813 HNW-77813 11/21/2015 20.00 11/21/2015 Book